书目信息 |
| 题名: |
新产品开发指南
|
|
| 作者: | 铃木维男 著 ;倪心一 , 张玉佳 译 | |
| 分册: | ||
| 出版信息: | 北京 科学出版社 1999 |
|
| 页数: | 173页 | |
| 开本: | 32开 | |
| 丛书名: | OHM科学丛书 | |
| 单 册: | ||
| 中图分类: | F273.2 | |
| 科图分类: | ||
| 主题词: | 企业经济 | |
| 电子资源: | ||
| ISBN: | 7-03-007332-0 | |
| 000 | 00706nam0 2200241 45 | |
| 001 | 0109271615 | |
| 005 | 20031219104050.9 | |
| 010 | @a7-03-007332-0@dCNY12.00 | |
| 100 | @a20010927d1999 km y0chiy0120 ea | |
| 101 | 0 | @achi |
| 105 | @a z 000yy | |
| 200 | 1 | @a新产品开发指南@AXin Chan Pin Kai Fa Zhi Nan@f(日)铃木维男著@F(Ri)Ling Mu Wei Nan Zhu@g倪心一,张玉佳译 |
| 210 | @a北京@c科学出版社@d1999 | |
| 215 | @a173页@d32开 | |
| 225 | @aOHM科学丛书 | |
| 410 | @12001 @aOHM科学丛书 | |
| 606 | 0 | @a企业经济 |
| 690 | @aF273.2@v4 | |
| 701 | @a铃木维男@4著 | |
| 702 | 0 | @a倪心一@ANi Xin Yi@4译 |
| 702 | 0 | @a张玉佳@AZhang Yu Jia@4译 |
| 801 | @aCN@bTSTC@c20010927 | |
| 905 | @f4@b299160-163@dF273.2@e101 | |
| 新产品开发指南/(日)铃木维男著/倪心一,张玉佳译.-北京:科学出版社,1999 |
| 173页;32开.-(OHM科学丛书) |
| ISBN 7-03-007332-0:CNY12.00 |
| ● |
| 相关链接 |
|
|
|
|
正题名:新产品开发指南
索取号:F273.2/101
 
预约/预借
| 序号 | 登录号 | 条形码 | 馆藏地/架位号 | 状态 | 备注 |
| 1 | 0299160 | 202991600 | 第一借阅区/ [索取号:F273.2/101] | 在馆 | |
| 2 | 0299161 | 202991619 | 第一借阅区/ [索取号:F273.2/101] | 在馆 | |
| 3 | 0299162 | 202991628 | 第一借阅区/ [索取号:F273.2/101] | 在馆 | |
| 4 | 0299163 | 202991637 | 第一借阅区/ [索取号:F273.2/101] | 在馆 |